000 00635cam a2200193 4500500
005 20260111080244.0
041 _afre
042 _adc
100 1 0 _aBarilari, André
_eauthor
245 0 0 _aUne taxe sur les robots est-elle un concept d’avenir ?
260 _c2018.
500 _a12
690 _afinances sociales
690 _afiscalité
690 _arevenu universel
690 _ataxation des robots
786 0 _nGestion & Finances Publiques | 1 | 1 | 2018-01-01 | p. 48-52 | 1969-1009
856 4 1 _uhttps://droit.cairn.info/revue-gestion-et-finances-publiques-2018-1-page-48?lang=fr&redirect-ssocas=7080
999 _c1616059
_d1616059